• 首页
  • 本馆介绍
  • 公告通知
  • 最新文献
  • 馆藏检索
  • 电子资源
  • 读者导购
  • 参考咨询
  • 我的图书馆
  • 登录
  • 详细信息显示
  • 放入我的书架
  • 预约/预借图书
  • 作者相关作品
  • 分类相关作品
  • 丛书相关作品
  • 出版社相关作品

书目信息

  • 表格格式
  • 工作单格式
  • 卡片格式
题名:
蜗牛养殖技术
    
 
作者: 龚泉福 , 龚晴 编著
分册:  
出版信息: 上海   上海科学技术出版社  2021.3
页数: 281页
开本: 21cm
丛书名:
单 册:
中图分类: S865.9
科图分类:
主题词: 蜗牛--养殖
电子资源:
ISBN: 978-7-5478-3041-3
000 00873nam0 2200265 45
001 012001000919
005 20130912095331.0
010    @a978-7-5478-3041-3@dCNY28.00
090    @aS865.9@bgqf
096    @aS865.9@bgqf
100    @a20160728d2016 em y0chiy50 ea
101 0  @achi
102    @aCN@b310000
105    @aa z 000yy
106    @ar
200 1  @a蜗牛养殖技术@Awo niu yang zhi ji shu@f龚泉福,龚晴编著
210    @a上海@c上海科学技术出版社@d2021.3
215    @a281页@c图@d21cm
330    @a本书内容包括蜗牛的利用价值与资源种类、蜗牛的生态、蜗牛的繁殖、种蜗牛的选择与培育、蜗牛的饲养管理、四大蜗牛饲养关键技术、蜗牛的收购与包装运输、蜗牛养殖业发展探讨等。
606 0  @a蜗牛@x养殖
690    @aS865.9@v5
701  0 @a龚泉福@Agong quan fu@4编著
701  0 @a龚晴@Agong qing@4编著
801  0 @aCN@bBJSDL@c20211011
905    @b1336192-5@dS865.9@e218@f4
    
    蜗牛养殖技术/龚泉福,龚晴编著.-上海:上海科学技术出版社,2021.3
    281页:图;21cm
    
    
    ISBN 978-7-5478-3041-3:CNY28.00
    本书内容包括蜗牛的利用价值与资源种类、蜗牛的生态、蜗牛的繁殖、种蜗牛的选择与培育、蜗牛的饲养管理、四大蜗牛饲养关键技术、蜗牛的收购与包装运输、蜗牛养殖业发展探讨等。
●
相关链接 在E读中查询图书 在五车中查询图书 在当当中查询图书 在豆瓣中查询图书


正题名:蜗牛养殖技术     索取号:S865.9/218         预约/预借

序号 登录号 条形码 馆藏地/架位号 状态 备注
1 1336192   213361921   第二样本阅览室/ [索取号:S865.9/218] 在馆    
2 1336193   213361930   第三借阅区/ [索取号:S865.9/218] 在馆    
3 1336194   213361949   第三借阅区/ [索取号:S865.9/218] 在馆    
4 1336195   213361958   第三借阅区/ [索取号:S865.9/218] 在馆    
唐山师范学院图书馆 欢迎您!
大连网信软件有限公司© 版权所有